Tajemství pralesa : (osm set mil po řece Amazonce) /
Uložené v:
| Hlavný autor: | |
|---|---|
| Ďalší autori: | |
| Médium: | Kniha |
| Jazyk: | Czech French |
| Vydané: |
Praha :
Státní nakladatelství dětské knihy,
1959.
|
| Vydanie: | 1. vyd. |
| Edícia: | Podivuhodné cesty
sv. 7 |
| ISBN: |
(viaz.) |
| Fyzický popis: |
299 s. : mp. |
| Tagy: |
Pridať tag
Žiadne tagy, Buďte prvý kto otaguje tento záznam!
|
Titul je dostupný aj v ... 

MARC
| LEADER | 00000nam a2200000 a 4500 | ||
|---|---|---|---|
| 001 | 000464607 | ||
| 005 | 20150416163723.0 | ||
| 008 | 120627s1959 xr b b 000 f cze d | ||
| 020 | |a (viaz.) |c Kčs 23,40 | ||
| 040 | |a SVKKK |b slo |c SVKKK |e AACR2 | ||
| 041 | 1 | |a cze |h fre | |
| 044 | |a xr |c CZ | ||
| 100 | 1 | |a Verne, Jules, |d 1828-1905 | |
| 240 | 1 | 0 | |a Huit cents lieues sur l´Amazone. |l Česky |
| 245 | 1 | 0 | |a Tajemství pralesa : |b (osm set mil po řece Amazonce) / |c Jules Verne ; [z francouzského původního vydání přeložil a upravil Zdeněk Hobzík]. |
| 250 | |a 1. vyd. | ||
| 260 | |a Praha : |b Státní nakladatelství dětské knihy, |c 1959. | ||
| 300 | |a 299 s. : |b mp. | ||
| 366 | |e 25000 výtl. | ||
| 490 | 1 | |a Podivuhodné cesty |v sv. 7 | |
| 500 | |a Celkove 2. preprac. vyd. | ||
| 500 | |a Preklad z franc. orig. | ||
| 500 | |a Výslovnosť | ||
| 500 | |a Poznámky | ||
| 521 | 1 | |a Pre čitateľov od 9 rokov | |
| 700 | 1 | |a Hobzík, Zdeněk, |d 1900-1969 |4 trl |4 oth | |
| 765 | 0 | |t Huit cents lieues sur l´Amazone. Česky |a Verne, Jules, 1828-1905 | |
| 830 | 0 | |a Podivuhodné cesty |v sv. 7 | |
| 910 | |a svkkk | ||
| 998 | |a BK | ||
| 090 | |g SCKHL |k Sklad Pribinova 1. posch. |a IV.17102 |j 178945 |i 464607-20 |s Prezenčne | ||
| 090 | |g SCKHL |k Sklad Pribinova 1. posch. |a IV.20033 |j 174601 |i 464607-10 |s Beletria | ||